David Christoffel, Le syndrome de Salieri. Premières Loges, 2025, 286 páginas, 25 euros. (notice n° 1612778)
[ vue normale ]
| 000 -LEADER | |
|---|---|
| fixed length control field | 00486cam a2200145 4500500 |
| 005 - DATE AND TIME OF LATEST TRANSACTION | |
| control field | 20260111040513.0 |
| 041 ## - LANGUAGE CODE | |
| Language code of text/sound track or separate title | fre |
| 042 ## - AUTHENTICATION CODE | |
| Authentication code | dc |
| 100 10 - MAIN ENTRY--PERSONAL NAME | |
| Personal name | Labey, Gildas |
| Relator term | author |
| 245 00 - TITLE STATEMENT | |
| Title | David Christoffel, Le syndrome de Salieri. Premières Loges, 2025, 286 páginas, 25 euros. |
| 260 ## - PUBLICATION, DISTRIBUTION, ETC. | |
| Date of publication, distribution, etc. | 2025.<br/> |
| 500 ## - GENERAL NOTE | |
| General note | 10 |
| 786 0# - DATA SOURCE ENTRY | |
| Note | Études | 4331 | 11 | 2025-11-03 | p. 125a-126 |
| 856 41 - ELECTRONIC LOCATION AND ACCESS | |
| Uniform Resource Identifier | <a href="https://shs.cairn.info/revista-etudes-2025-11-page-125a?lang=es&redirect-ssocas=7080">https://shs.cairn.info/revista-etudes-2025-11-page-125a?lang=es&redirect-ssocas=7080</a> |
Pas d'exemplaire disponible.




Réseaux sociaux